000
00276nam a2200121Ia 4500
008
190216s9999||||xx |||||||||||||| ||und||
100
_a
Chug
245
0
_a
Integral Calculus;
260
_b
Laxmi Publication Ltd
_c
1983
300
_a
186p
650
_a
Mathematics
942
_c
BK
999
_c
30778
_d
30778